[Event "Rheinhessen-ch U16/U18"]
[Site "Oppenheim"]
[Date "2015.01.06"]
[Round "6"]
[White "Metzen, Dominique Karl"]
[Black "Schulze Thesing, Lars"]
[Result "1-0"]
[WhiteElo "1045"]
[BlackElo "971"]
[PlyCount "73"]
[EventDate "2015.01.03"]
[EventType "swiss"]
[EventRounds "7"]
[EventCountry "GER"]
[SourceTitle "EXT 2017"]
[Source "ChessBase"]
[SourceDate "2016.10.25"]
[SourceVersion "1"]
[SourceVersionDate "2016.10.25"]
[SourceQuality "1"]

1. e4 e6 2. d4 d5 3. exd5 exd5 4. Nf3 Nf6 5. Be3 Be6 6. b3 h6 7. Bd3 Nc6 8. 0-0 Qd7 9. c4 0-0-0 10. Nc3 a6 11. Na4 Bg4 12. Be2 dxc4 13. bxc4 Bxf3 14. Bxf3 Nxd4 15. Bxd4 Qxd4 16. Qb3 Qa7 17. Rfd1 Be7 18. Rab1 Rxd1+ 19. Rxd1 b6 20. Nc3 Rf8 21. Nd5 Nxd5 22. Rxd5 Bc5 23. Bg4+ Kb8 24. Rxc5 Re8 25. g3 Qb7 26. Bf3 Qc8 27. Kg2 Ka7 28. Rd5 c6 29. Rd1 Qc7 30. Qa4 Re6 31. Bg4 Re7 32. Qc2 g6 33. c5 b5 34. Qd3 f5 35. Bf3 Kb7 36. Qd6 Rd7 37. Qxd7 1-0

[Event "Rheinhessen-ch U16/U18"]
[Site "Oppenheim"]
[Date "2015.01.05"]
[Round "4"]
[White "Seibert, Jan"]
[Black "Metzen, Dominique Karl"]
[Result "1-0"]
[WhiteElo "1207"]
[BlackElo "1045"]
[PlyCount "83"]
[EventDate "2015.01.03"]
[EventType "swiss"]
[EventRounds "7"]
[EventCountry "GER"]
[SourceTitle "EXT 2017"]
[Source "ChessBase"]
[SourceDate "2016.10.25"]
[SourceVersion "1"]
[SourceVersionDate "2016.10.25"]
[SourceQuality "1"]

1. d4 d5 2. c4 c6 3. Nc3 Nf6 4. Bf4 Nbd7 5. e3 e6 6. a3 b6 7. cxd5 cxd5 8. Bb5 a6 9. Bc6 Ra7 10. Bb8 Rb7 11. Bxb7 Bxb7 12. Bf4 Be7 13. Nf3 0-0 14. 0-0 Ne8 15. Rc1 Nd6 16. Qc2 Qa8 17. Qb3 b5 18. Ne2 Nf6 19. Ng3 Nde4 20. Rc2 Re8 21. Ne5 Nxg3 22. Bxg3 Ne4 23. f3 Nd6 24. Rfc1 f6 25. Nd3 Kf7 26. Nc5 Rd8 27. a4 Kf8 28. Nxe6+ Kf7 29. Nxd8+ Qxd8 30. Rc7 Ba8 31. Bxd6 Qxd6 32. axb5 axb5 33. Qxb5 Ke6 34. R7c6 Bxc6 35. Rxc6 Qxc6 36. Qxc6+ Kf7 37. Qxd5+ Ke8 38. Qg8+ Kd7 39. Qxg7 Ke6 40. Qxh7 Bd6 41. Qe4+ Kd7 42. h4 1-0

[Event "Rheinland Pfalz op 6th"]
[Site "Gau Algesheim"]
[Date "2014.06.21"]
[Round "6"]
[White "Boerkey, Luis"]
[Black "Metzen, Dominique Karl"]
[Result "1-0"]
[WhiteElo "1010"]
[BlackElo "1027"]
[PlyCount "105"]
[EventDate "2014.06.19"]
[EventType "swiss"]
[EventRounds "7"]
[EventCountry "GER"]
[SourceTitle "CBM 161 Extra"]
[Source "ChessBase"]
[SourceDate "2014.08.29"]
[SourceVersion "1"]
[SourceVersionDate "2014.08.29"]
[SourceQuality "1"]

1. e4 e5 2. Nf3 Nc6 3. Bc4 Nf6 4. Nc3 Be7 5. d3 d6 6. h3 0-0 7. 0-0 Be6 8. Bb3 d5 9. a3 d4 10. Ne2 Bxb3 11. cxb3 Qd6 12. Ng3 Qe6 13. Ng5 Qc8 14. f4 Nd7 15. fxe5 Ndxe5 16. Bf4 Bf6 17. Nf3 Re8 18. Nxe5 Nxe5 19. Rc1 Qd7 20. Qd2 Rac8 21. Qe2 c5 22. Nh5 Bd8 23. Rcd1 b5 24. Bxe5 Rxe5 25. Qf3 c4 26. bxc4 bxc4 27. Ng3 Bb6 28. Rc1 c3 29. bxc3 dxc3+ 30. Kh2 c2 31. Nf5 Qc7 32. Kh1 Kf8 33. Nd6 f6 34. Nxc8 Qxc8 35. Qg3 Ke7 36. Qxg7+ Ke8 37. Rxf6 Kd8 38. Rf8+ Re8 39. Rxe8+ Kxe8 40. Qg8+ Kd7 41. Qxc8+ Kxc8 42. Rxc2+ Kd7 43. Kh2 Kd6 44. g4 Ke5 45. Kg3 Kd4 46. Re2 Kxd3 47. Kf3 Bc7 48. e5 Kd4 49. e6 Bd6 50. e7 Bxe7 51. Rxe7 Kd5 52. Rxa7 Ke5 53. a4 1-0